Moderately Difficult Geography - Statistics

General Stats
  • This quiz has been taken 19 times
    5 since last reset
  • The average score is 8 of 24
Answer Stats
Hint Answer % Correct
Country home to the world's largest football stadium North Korea
80%
The tallest statue in the world is located in this country India
60%
Currency of Iran Iranian Rial
60%
Third biggest of the Channel Islands Alderney
40%
Smallest state in Mexico that is not a city state Mexico
40%
Tallest mountain in Australia Mount Kosciuszko
40%
Biggest Indian (native American) reservation by population Navajo
40%
Biggest city in China beginning with Q Qingdao
40%
Biggest city on the equator Quito
40%
African state home to Hargeisa Somaliland
40%
This sea borders the regions of Arkhangelsk, Murmansk and Karelija White Sea
40%
Johannesburg is located in this province Gauteng
20%
Language exclusive to Paraguay and nearby areas Guaraní
20%
Group of islands off the coast of Cornwall Isles of Scilly
20%
The longest bridge in the US crosses this lake Lake Pontchartrain
20%
Archipelago consisting primarily of the islands Halmahera, Seram and Buru Maluku
20%
Biggest island in Brazil Marajó
20%
Area of Paris home to Sacré-Cæur Basilica Montmartre
20%
Biggest lake in Finland Saimaa
20%
Country with the most registered cars per capita San Marino
20%
Southernmost province of Sweden Skåne
20%
Southernmost major city (200k+) in Mexico Tapachula
20%
Biggest city on Lake Superior Thunder Bay
20%
Region home to the Bran Castle Transylvania
20%
No matching quizzes found
Score Distribution
Percent of People with Each Score
Percentile by Number Answered
Your Score History
You have not taken this quiz since the last reset